| 000 | 01275nam a22002537a 4500 | ||
|---|---|---|---|
| 005 | 20080915150959.0 | ||
| 008 | 080915t xxu||||| |||| 00| 0 hin d | ||
| 010 | _aHIN-91430 | ||
| 020 |
_a9788170164427 _c235.00 |
||
| 035 | _aHN-63776 | ||
| 037 | _bDBAD / PUB | ||
| 040 |
_aDPL _bHN |
||
| 082 | _a821.08 | ||
| 100 |
_aनारायण, कुँवर _925136 |
||
| 245 |
_aमेरे साक्षात्कार / _cकुँवर नारायऩ; विनोद भारद्वाज द्वारा संपादित |
||
| 246 |
_amere Saakshaatkaar _bby Kunwar Nrain |
||
| 260 |
_aनई दिल्ली _bकिताबघर प्रकाशन _c2010 |
||
| 270 |
_a4855-56/24, अंसारी रोड, दरियागंज _bनई दिल्ली _e110002 |
||
| 300 |
_a159पृ _c22 सेमी(सजिल्द) |
||
| 490 |
_a(मेरे साक्षात्कार सीरीज़) _928539 |
||
| 700 |
_aभारद्वाज, विनोद _925138 |
||
| 942 |
_adpl _cHN _2ddc _mनाराय _h821.08 |
||
| 999 |
_c49625 _d49625 |
||